Music Quiz

Random Music or Song Quiz

Ed Sheeran mystery lyrics Quiz Stats

 Plays Quiz not verified by Sporcle

Score 0/299 Timer 14:00
0 Plays Today
% Correct
a
89.8%
the
89.8%
And
89.8%
and
89.8%
And
89.8%
And
89.8%
a
89.8%
the
89.8%
And
89.8%
a
89.8%
And
89.8%
And
89.8%
and
89.8%
And
89.8%
And
89.8%
And
89.8%
And
89.8%
And
89.8%
ya
88.4%
you
88.4%
you
88.4%
you
88.4%
you
88.4%
you
88.4%
you
88.4%
you
88.4%
you
88.4%
you
88.4%
you
88.4%
you
88.4%
you
88.4%
you
88.4%
you
88.4%
you
88.4%
you
88.4%
me
81.7%
me
81.7%
me
81.7%
me
81.7%
me
81.7%
me
81.7%
love
78.7%
love
78.7%
we
69.3%
we
69.3%
we
69.3%
we
69.3%
do
67%
do
67%
do
67%
in
66.1%
in
66.1%
in
66.1%
in
66.1%
to
65.8%
to
65.8%
to
65.8%
to
65.8%
to
65.8%
to
65.8%
to
65.8%
to
65.8%
it
64.3%
it
64.3%
it
64.3%
it
64.3%
be
63.1%
your
61.3%
your
61.3%
your
61.3%
your
61.3%
your
61.2%
I
60.9%
I
60.9%
I
60.9%
I
60.9%
I
60.9%
I
60.9%
I
60.9%
I
60.9%
I
60.9%
I
60.9%
I
60.9%
my
60.8%
my
60.8%
my
60.8%
she
59.8%
this
59.6%
this
59.6%
this
59.6%
this
59.6%
this
59.6%
is
58.5%
on
57.8%
If
56.8%
If
56.8%
if
56.8%
if
56.8%
If
56.8%
if
56.8%
% Correct
if
56.8%
if
56.8%
if
56.8%
leg
56.5%
leg
56.5%
when
56.3%
when
56.3%
so
55.5%
for
54.6%
for
54.6%
with
54.1%
with
54.1%
with
54.1%
with
54.1%
up
54%
up
54%
I'm
53.2%
I'm
53.2%
I'm
53.2%
I'm
53.2%
I'm
53.2%
its
52.6%
it's
52.6%
it's
52.6%
it's
52.6%
its
52.6%
it's
52.6%
go
50.3%
will
50.1%
will
50.1%
will
50.1%
wake
49.6%
wake
49.6%
little
49.5%
little
49.5%
little
49.5%
little
49.5%
little
49.5%
that
49.2%
that
49.2%
that
49.2%
take
48.5%
take
48.5%
bird
48.2%
bird
48.2%
bird
48.2%
bird
48.2%
could
48.1%
could
48.1%
tea
47.9%
all
47.8%
all
47.8%
all
47.8%
not
47.7%
not
47.7%
not
47.7%
not
47.7%
how
47.3%
how
47.3%
how
47.3%
how
47.3%
how
47.3%
how
47.3%
down
47.2%
down
47.2%
down
47.2%
you're
46.8%
too
46.7%
too
46.7%
would
46%
But
45.3%
But
45.3%
But
45.3%
But
45.3%
But
45.3%
now
45.3%
now
45.3%
said
44.8%
thing
44.8%
fall
44.8%
fall
44.8%
broken
44.5%
make
44.5%
broken
44.5%
of
44.2%
of
44.2%
of
44.2%
Come
43.8%
come
43.8%
lie
43.1%
lie
43.1%
lips
42.8%
lips
42.8%
lips
42.8%
I'll
42.7%
I'll
42.7%
our
42.2%
our
42.2%
our
42.2%
get
42%
% Correct
get
42%
get
42%
hold
41.7%
miss
41.3%
miss
41.3%
miss
41.3%
then
41.2%
then
41.2%
out
41%
Darling
40.9%
Darling
40.9%
Darling
40.9%
let
40.8%
'Cos
40.7%
'cos
40.7%
nurse
40.6%
inside
40.5%
inside
40.5%
taste
40.4%
taste
40.4%
taste
40.4%
at
40%
asleep
39.9%
asleep
39.9%
wouldn't
39%
worst
38.8%
strawberries
38%
strawberries
38%
strawberries
38%
mouth
37.9%
mouth
37.9%
mouth
37.9%
yet
37.6%
yet
37.6%
yet
37.6%
feet
37.6%
feet
37.6%
feet
37.6%
shoulder
37.5%
stay
37.3%
wet
37%
wet
37%
wet
37%
regret
36.9%
regret
36.9%
soon
36.9%
complete
36.7%
next
36.7%
next
36.7%
complete
36.7%
complete
36.7%
make-up
36.7%
truth
36.5%
truth
36.5%
truth
36.5%
owe
36.4%
owe
36.4%
diving
36.1%
diving
36.1%
tell
35.8%
leads
35.5%
leads
35.5%
back
35.4%
read
35.3%
read
35.3%
read
35.3%
say
35.2%
lay
34.2%
sleep
34%
mustn't
34%
mustn't
34%
mustn't
34%
walk
33.2%
homemade
32.9%
morning
32.5%
die
32.2%
by
32%
least
31.9%
late
31.9%
these
31.3%
things
31%
cry
30.8%
beside
30.6%
left
30.5%
tree
29.6%
kissed
29.4%
kissed
29.4%
kissed
29.4%
dew
29.1%
oak
29.1%
made
28.8%
sure
28.4%
covered
28.3%
scream
27.5%
quite
27.4%
nature
27.4%
certain
27%
safe
26.5%
underneath
26%

You're not logged in!

Compare scores with friends on all Sporcle quizzes.
OR
Log In

Show Comments

Extras

Created Feb 17, 2012ReportNominate
Tags:Song Quiz, mystery

Top Quizzes Today


Score Distribution

Your Account Isn't Verified!

In order to create a playlist on Sporcle, you need to verify the email address you used during registration. Go to your Sporcle Settings to finish the process.

Report this User

Report this user for behavior that violates our Community Guidelines.

Details: